00298 2200133 4500245004000000250001100040100001500051650001600066650001700082005001900099260001800118041001400136084001400150 aCemara Canda TawacChica AikahText aCet. 1 aChica Aika aKarya Siswa aAutobiografi a20250520112359 aJakartac2025 aIndonesia a081 CHI c